Normal view
MARC view
- Petros Lacy, conway
Entry Personal Name
001 - CONTROL NUMBER
- control field: 90776
003 - CONTROL NUMBER IDENTIFIER
- control field: NUST
005 - DATE AND TIME OF LATEST TRANSACTION
- control field: 20220331153036.0
008 - FIXED-LENGTH DATA ELEMENTS
- fixed length control field: 220331|| aca||aabn | a|a d
040 ## - CATALOGING SOURCE
- Original cataloging agency: NUST
- Transcribing agency: NUST
100 ## - HEADING--PERSONAL NAME
- Personal name: Petros Lacy, conway
670 ## - SOURCE DATA FOUND
- Source citation: Work cat.: (NUST): Petros Lacy, conway, Hazardous and industrial solid waste testing, 1985
